00310 a2200121 4500020001500000022001800015082001100033100002100044245005500065260004400120300000800164500001600172 a8178981084 a9788178981086 a297.09 aLatif,Syed Abdul aPrinciples of Islamic CulturecDr.Syed Abdul Latif aNew DelhibSyed Abdul Latif Trustc2002 a85p aPaper cover